vufinder Bibliothèque Municipale de Charleval de Provence
Se connecter

Saveurs [ 321 ]

Book Cover
Support:
Langue: Francais
Genre: Périodiques
Sujets:
Étiquettes: Ajouter
Pas de Tags !

LEADER 00383nxs0a2200133 450
001 16847521
100 |a 20260122d2026 u u0frey01 ba 
101 0 |a fre 
110 0 |a afu 0uu0 
200 0 |a Saveurs [ 321 ]  |f Saveurs 
207 1 |a  321 
900 |a Périodiques 
901 |a Accessible au prêt 
995 |a Bibliothèque  |c Bibliothèque  |f 024026002  |h 024026002  |k PER SAV 02/26  |o p  |q a  |r xx  |e Bibliothèque 

Options de recherche

Historique de recherche
Recherche avancée

Trouver plus

Nouveautés

Besoin d'aide ?

Contacter un bibliothécaire